গিলগামেশের মহাকাব্য : (Record no. 276)
[ view plain ]
| 000 -LEADER | |
|---|---|
| fixed length control field | 03998nam a2200241 a 4500 |
| 001 - CONTROL NUMBER | |
| JCCL Control Number | 276 |
| 003 - CONTROL NUMBER IDENTIFIER | |
| JCCL marc code | BD-JhCC |
| 005 - DATE AND TIME OF LATEST TRANSACTION | |
| control field | 20180422130255.0 |
| 008 - FIXED-LENGTH DATA ELEMENTS--GENERAL INFORMATION | |
| fixed length control field | 171003s2015 bg ||||| |||| 00| 0 ben d |
| 020 ## - INTERNATIONAL STANDARD BOOK NUMBER | |
| International Standard Book Number | 9789845061902 |
| 035 ## - SYSTEM CONTROL NUMBER | |
| system control number | (BD-JhCC)276 |
| 040 ## - CATALOGING SOURCE | |
| Original cataloging agency | BD-JhCC |
| Modifying agency | BD-JhCC |
| 041 ## - LANGUAGE CODE | |
| Language code of Book | ben |
| 082 ## - DEWEY DECIMAL CLASSIFICATION NUMBER | |
| Classification number | 891.4409 |
| Author mark and Year | MAH 2015 |
| 245 ## - TITLE STATEMENT | |
| Title | গিলগামেশের মহাকাব্য : |
| Statement of responsibility, etc | পৃথিবীর প্রাচীনতম লিপিবদ্ধ গল্প / |
| Remainder of title | কাদের মাহমুদ (আনু.) |
| 260 ## - PUBLICATION, DISTRIBUTION, ETC. (IMPRINT) | |
| Place of publication, distribution, etc | ঢাকা : |
| Name of publisher, distributor, etc | দি ইউনিভার্সিটি প্রেস লিমিটেড, |
| Date of publication, distribution, etc | 2015. |
| 300 ## - PHYSICAL DESCRIPTION | |
| Pagination | 80 p. : |
| Dimensions | 21 cm. |
| 520 ## - SUMMARY, ETC. | |
| Summary, etc | মেসোপটামিয়া মানব সভ্যতার আঁতুড়ঘর বলে গণ্য; তারি মহাকাব্য গিলগামেশ। এটি লিখিত বিশ্ব সাহিত্যের প্রথম প্রকৃত মহৎ রচনা বলে বিবেচিত। উরুকের রাজা গিলগামেশকে নিয়ে সুপ্রচীন সুমেরিয় পাঁচটি স্বতন্ত্র কাব্যের ভিত্তিতে<br/>এ মহাকাব্যটি রচিত। এর সূচনা খৃস্টপূর্ব ১৮ শতকে; এর ভণিতা ছিলো, সুতুর এলি শাররি (অন্য সকল রাজার উর্ধ্বে)। যে সব ফলকে এটা লিখিত ছিলো, তার অল্পই টিকেছে। খৃস্টপূর্ব ১৩শ ও ১০ম শতকে এর একটি প্রমাণ্য সংস্করণ রচিত হয়, যার ভণিতা ছিলো, শা নাকবা ইমুরু (যিনি অতল দেখেছিলেন)। মৃৎফলকে লিখিত এই দীর্ঘতরো মহাকাব্যের তিন ভাগের দুই ভাগ উদ্ধার করা গেছে। উৎকৃষ্ট কিছু ফলক খৃষ্টপূর্ব ৭ম শতকের এশিরিয় রাজা অশুরবানিপলের পাঠাগারের ধ্বংসাবশেষে পাওয়া যায়।কাহিনির প্রথম পর্বে, উরুকের জনগণের উপর রাজা গিলগামেশের নিপীড়ন রোধের জন্যে দেবতারা এনকিদু নামে এক বুনো মানব তৈরি করেন। প্রথমে যুদ্ধ করলেও, পরে তারা ঘনিষ্ঠ বন্ধু হয়ে যান। এবং সিডার পর্বতে অভিযান চালিয়ে বনের দৈত্যাকার রক্ষক হাম্বাবাকে পরাজিত করেন। তারা স্বর্গের বৃষকে বধ করেন। গিলগামেশ দেবী ইশতারের প্রেম প্রত্যাখ্যান করায়, তাকে শায়েস্তা করতে দেবী বৃষটিকে পাঠিয়েছিলেন। বৃষ হত্যার দায়ে দেবতারা শুধু এনকিদুকে মৃত্যুদ- দেন। বন্ধুর মৃত্যুতে শোকাহত গিলগামেশ অনন্ত জীবনের সন্ধানে যান। তিনি বহু নির্মাণ কাজ করেন। তাই মৃত্যুর পরও তিনি খ্যাত হন। |
| 650 ## - SUBJECT ADDED ENTRY--TOPICAL TERM | |
| Topical term or geographic name as entry element | Bangali literature |
| 700 ## - ADDED ENTRY--PERSONAL NAME | |
| Personal name | মাহমুদ, কাদের |
| 942 ## - ADDED ENTRY ELEMENTS (KOHA) | |
| Source of classification or shelving scheme | Dewey Decimal Classification |
| Koha item type | Books |
| Source of classification or shelving scheme | Damaged status | Not for loan | Home library | Current library | Shelving location | Date of accession | Cost, normal purchase price | Total Checkouts | Full call number | Barcode | Date last seen | Copy number | Koha item type |
|---|---|---|---|---|---|---|---|---|---|---|---|---|---|
| Dewey Decimal Classification | JCC Rouf Library | JCC Rouf Library | General Stacks | 10/03/2017 | 300.00 | 891.443 MAH 2015 | 1489 | 10/03/2017 | C-1 | Books |